UM Logo

Cascading synchronization instability in multi-VSC grid-connected system / (Record no. 19527)

MARC details
000 -LEADER
fixed length control field 00902nam a22002177a 4500
003 - CONTROL NUMBER IDENTIFIER
control field OSt
005 - DATE AND TIME OF LATEST TRANSACTION
control field 20250827101550.0
008 - FIXED-LENGTH DATA ELEMENTS--GENERAL INFORMATION
fixed length control field 240305b ||||| |||| 00| 0 eng d
040 ## - CATALOGING SOURCE
Transcribing agency 0
082 ## - DEWEY DECIMAL CLASSIFICATION NUMBER
Classification number DPer 621.317 Ie21 July 2022 v. 37 n. 7
100 ## - MAIN ENTRY--PERSONAL NAME
Personal name Fu, Xikun.
Relator term author.
9 (RLIN) 54002
245 ## - TITLE STATEMENT
Title Cascading synchronization instability in multi-VSC grid-connected system /
Statement of responsibility, etc. Xikun Fu, Meng Huang, Shangzhi Pan, and Xiaoming Zha.
260 ## - PUBLICATION, DISTRIBUTION, ETC. (IMPRINT)
Place of publication, distribution, etc. New York ;
Name of publisher, distributor, etc. The Institute of Electrical and Electronics Engineers, Inc. ,
Date of publication, distribution, etc. July 2022.
300 ## - PHYSICAL DESCRIPTION
Extent volume 37, pages 7572-7576 :
Other physical details illustration ;
Dimensions 28 cm.
500 ## - GENERAL NOTE
General note IEEE Transaction on Power Electronics Society, vol. 37, no. 7, pages 7572-7576 ,July 2022.
700 ## - ADDED ENTRY--PERSONAL NAME
Personal name Fu, Xikun.
Relator term author.
9 (RLIN) 54002
700 ## - ADDED ENTRY--PERSONAL NAME
Personal name Huang, Meng.
Relator term author.
9 (RLIN) 54003
700 ## - ADDED ENTRY--PERSONAL NAME
Personal name Pan, Shangzhi.
Relator term author.
9 (RLIN) 54004
700 ## - ADDED ENTRY--PERSONAL NAME
Personal name Zha, Xiaoming.
Relator term author.
9 (RLIN) 54005
942 ## - ADDED ENTRY ELEMENTS (KOHA)
Source of classification or shelving scheme Dewey Decimal Classification
Koha item type Periodicals
Holdings
Withdrawn status Lost status Source of classification or shelving scheme Damaged status Not for loan Collection code Home library Current library Date acquired Total Checkouts Full call number Date last seen Price effective from Koha item type Public note
    Dewey Decimal Classification     Periodicals UM Digos College - LIC UM Digos College - LIC 03/05/2024   DPer 621.317 Ie21 July 2022 v. 37 n. 7 03/05/2024 03/05/2024 Periodicals Periodical Article